000 01082nam0a22002531 4500
001 v19\rc\1264557
005 20060306181954.0
035 _a(NLR Aleph) 004418125
090 _a4098559
_c4098559
100 _a20060306d1894 |||y0rusy50 ca
101 0 _arus
102 _aRU
105 _ay z |||||
200 1 _aСборник действующих узаконений для руководства чинов столичной, городской, уездной и сельской полиции
_eПо последним офиц. изд. и продолжениям Свода законов (1892 и 1893 гг.)
_fСост. канд. прав. Н.И. Арефа
205 _aНеофиц. изд.
210 _aСанкт-Петербург
_cтип. Контрагентства ж. д.
_d1894
215 _a452 с. разд. паг.
_d21
700 1 _aАрефа
_bН. И.
_gНиколай Иванович
_4220
801 0 _aRU
_bNLR
_gpsbo
801 1 _aRU
_bProSoft-M
_2rusmarc
852 _aNLR
_j18.254.8.72
852 _aNLR
_jП50/Б-3/1
942 _cBOOK
980 _aNB